English county towns - Statistics

General Stats
  • This quiz has been taken 39 times
  • The average score is 25 of 34
Answer Stats
County County town % Correct
Bedfordshire Bedford
97%
Cambridgeshire Cambridge
97%
Derbyshire Derby
97%
Lincolnshire Lincoln
93%
Norfolk Norwich
93%
Gloucestershire Gloucester
90%
Leicestershire Leicester
90%
Northamptonshire Northampton
90%
Oxfordshire Oxford
90%
Warwickshire Warwick
90%
Cumbria Carlisle
87%
Cheshire Chester
87%
Devon Exeter
87%
Herefordshire Hereford
87%
Nottinghamshire Nottingham
87%
Worcestershire Worcester
87%
Lancashire Lancaster
83%
Cornwall Truro
83%
Suffolk Ipswich
80%
Staffordshire Stafford
80%
Hertfordshire Hertford
73%
Berkshire Reading
73%
Shropshire Shrewsbury
63%
Dorset Dorchester
57%
Hampshire Winchester
57%
Kent Maidstone
53%
Essex Chelmsford
50%
West Sussex Chichester
47%
Surrey Guildford
43%
East Sussex Lewes
43%
Somerset Taunton
43%
Buckinghamshire Aylesbury
40%
Northumberland Alnwick
27%
Wiltshire Trowbridge
27%
No matching quizzes found
Score Distribution
Percent of People with Each Score
Percentile by Number Answered
Your Score History
You have not taken this quiz